000 00708nam a22002417a 4500
003 UA-OsUOA
001 88472
007 ta
008 20121005b un ||||| |||| 00| 0 ukr d
100 _aГольденберг Л.І.
700 _aКоролевич Н.Ф.
090 _a011
_bГ 63
942 _cBK
040 _aUA-OsUOA
_bukr
_cUA-OsUOA
_dUA-OsUOA
245 _aУкраїнська мова
_bБібліографічний покажчик (1918-1961)
300 _a299 с.
955 _a0
041 _aukr
080 _a011
260 _aК.
_bАкадемія наук
_c1963
650 7 _a01 Бібліографія і бібліографії. Каталоги
_2UDC
999 _c374299
_d374299